[Event "DVM U20 2007"]
[Site "Kelheim GER"]
[Date "2007.12.30"]
[Round "7"]
[White "Ackermann, Johannes"]
[Black "Foß, David"]
[Result "1-0"]
[Termination "normal"]
[Board "7.5"]
[WhiteElo "1904"]
[BlackElo "1489"]
[WhiteTeam "SV Hofheim"]
[BlackTeam "SF Bad Mergentheim"]
[PlyCount "23"]
[WhiteFideId "24663875"]
[EventCountry "GER"]
[EventRounds "7"]
[EventType "team-swiss"]
[EventDate "2007.12.26"]

1. e4 e5 2. Nf3 Nc6 3. Bc4 Nf6 4. d4 exd4 5. O-O Bc5 6. e5 Ng8 7. Ng5 Nh6 8.
Re1 Be7 9. Ne4 Nxe5 10. Bxh6 Nxc4 11. Bxg7 Rg8 12. Nf6# 1-0

[Event "DVM U20 2007"]
[Site "Kelheim GER"]
[Date "2007.12.30"]
[Round "7"]
[White "Hoppe, Erich"]
[Black "Langbein, Till"]
[Result "1-0"]
[Termination "normal"]
[Board "7.6"]
[WhiteElo "1536"]
[BlackElo "1406"]
[WhiteTeam "SF Bad Mergentheim"]
[BlackTeam "SV Hofheim"]
[PlyCount "55"]
[WhiteFideId "24659550"]
[EventCountry "GER"]
[EventRounds "7"]
[EventType "team-swiss"]
[EventDate "2007.12.26"]

1. e4 g6 2. d4 Bg7 3. Nc3 d6 4. f4 Nd7 5. Nf3 c5 6. d5 Nh6 7. Bd3 O-O 8. Bd2 f5
9. exf5 Nxf5 10. g4 Nd4 11. h4 Nf6 12. Nxd4 cxd4 13. Ne4 Nxg4 14. h5 Ne3 15.
Bxe3 dxe3 16. hxg6 hxg6 17. Qe2 Rxf4 18. Qh2 e5 19. Qh7+ Kf7 20. O-O-O Bf5 21.
Rdg1 Rg4 22. Rxg4 Bxg4 23. Rg1 Bf5 24. Nxd6+ Qxd6 25. Bxf5 Kf8 26. Be6 Re8 27.
Qxg6 Qe7 28. Rf1+ 1-0

[Event "DVM U20 2007"]
[Site "Kelheim GER"]
[Date "2007.12.30"]
[Round "7"]
[White "Schneider, David"]
[Black "Fuhrmann, Max"]
[Result "0-1"]
[Termination "normal"]
[Board "8.1"]
[WhiteElo "2255"]
[BlackElo "2049"]
[WhiteTeam "FSV Großenseebach"]
[BlackTeam "SK Kelheim"]
[PlyCount "74"]
[WhiteFideId "4697111"]
[BlackFideId "24620114"]
[EventCountry "GER"]
[EventRounds "7"]
[EventType "team-swiss"]
[EventDate "2007.12.26"]

1. e4 c6 2. d4 d5 3. exd5 cxd5 4. c4 Nf6 5. Nc3 e6 6. Nf3 Bb4 7. cxd5 Nxd5 8.
Bd2 Nc6 9. Bd3 Be7 10. h3 Bf6 11. Be3 Bd7 12. Qc2 Rc8 13. O-O Na5 14. Rac1 h6
15. Qe2 Nxc3 16. bxc3 O-O 17. Bf4 Bc6 18. Ne5 Bg5 19. Bxg5 Qxg5 20. f4 Qe7 21.
Nxc6 Nxc6 22. Qe4 g6 23. h4 Rcd8 24. Bb5 Rd5 25. Rf3 Kg7 26. Bc4 Rd6 27. Rb1
Rc8 28. Bb5 a6 29. Bd3 Rd5 30. Rg3 Rc7 31. Rb6 Qa3 32. Bc2 Qc1+ 33. Kf2 Nxd4
34. Rxg6+ Kf8 35. c4 fxg6 36. Bd3 Qd2+ 37. Kf1 Nf5 0-1

[Event "DVM U20 2007"]
[Site "Kelheim GER"]
[Date "2007.12.30"]
[Round "7"]
[White "Eibl, Maximilian"]
[Black "Kirch, Daniel"]
[Result "1-0"]
[Termination "normal"]
[Board "8.2"]
[WhiteElo "1998"]
[BlackElo "2030"]
[WhiteTeam "SK Kelheim"]
[BlackTeam "FSV Großenseebach"]
[PlyCount "69"]
[WhiteFideId "24620092"]
[BlackFideId "24605786"]
[EventCountry "GER"]
[EventRounds "7"]
[EventType "team-swiss"]
[EventDate "2007.12.26"]

1. e4 e5 2. Nf3 Nc6 3. d4 exd4 4. Bc4 Nf6 5. O-O d5 6. exd5 Nxd5 7. Nxd4 Nxd4
8. Qxd4 Be6 9. Re1 Nb4 10. Qe4 Be7 11. Bxe6 fxe6 12. c3 Nd3 13. Rd1 Nxc1 14.
Rxd8+ Rxd8 15. Qe1 Nd3 16. Qxe6 Rd6 17. Qc8+ Rd8 18. Qe6 Rd6 19. Qc8+ Rd8 20.
Qxb7 O-O 21. Nd2 Bc5 22. Ne4 Bb6 23. a4 a5 24. Kh1 Kh8 25. f3 Rde8 26. Rf1 Nxb2
27. Qc6 Nd3 28. h3 Nf4 29. Rd1 Re6 30. Qd7 h6 31. g3 Rxe4 32. fxe4 Ne2 33. Qd3
Rf2 34. Re1 Ng1 35. Rxg1 1-0

[Event "DVM U20 2007"]
[Site "Kelheim GER"]
[Date "2007.12.30"]
[Round "7"]
[White "Süß, Stefan"]
[Black "Grafl, Pascal"]
[Result "0-1"]
[Termination "normal"]
[Board "8.3"]
[WhiteElo "2004"]
[BlackElo "1937"]
[WhiteTeam "FSV Großenseebach"]
[BlackTeam "SK Kelheim"]
[PlyCount "64"]
[WhiteFideId "24606090"]
[BlackFideId "24634727"]
[EventCountry "GER"]
[EventRounds "7"]
[EventType "team-swiss"]
[EventDate "2007.12.26"]

1. d4 Nf6 2. c4 e6 3. Nf3 d5 4. Nc3 c5 5. Bg5 Be7 6. e3 cxd4 7. Nxd4 Nc6 8.
cxd5 exd5 9. Bb5 Qd6 10. Qb3 O-O 11. Bf4 Qc5 12. Bxc6 bxc6 13. O-O Bd7 14. Rac1
Qb4 15. Qxb4 Bxb4 16. Na4 Ne4 17. Nb3 Rac8 18. Rfd1 Rfe8 19. f3 g5 20. a3 Bf8
21. fxe4 gxf4 22. Nac5 Bg4 23. Re1 fxe3 24. Rxe3 Kh8 25. h3 Bh5 26. Nd4 Bh6 27.
Rce1 Bxe3+ 28. Rxe3 dxe4 29. Nf5 Re5 30. Nd6 Rd8 31. Ncb7 Rd7 32. b4 Rd5 0-1

[Event "DVM U20 2007"]
[Site "Kelheim GER"]
[Date "2007.12.30"]
[Round "7"]
[White "Singer, Michael"]
[Black "Borel, Markus"]
[Result "0-1"]
[Termination "normal"]
[Board "8.4"]
[WhiteElo "1773"]
[BlackElo "1967"]
[WhiteTeam "SK Kelheim"]
[BlackTeam "FSV Großenseebach"]
[PlyCount "48"]
[WhiteFideId "24652075"]
[BlackFideId "24605522"]
[EventCountry "GER"]
[EventRounds "7"]
[EventType "team-swiss"]
[EventDate "2007.12.26"]

1. c4 g6 2. g3 Bg7 3. Bg2 e5 4. Nc3 d6 5. e3 Nc6 6. Nge2 h5 7. d4 exd4 8. Nxd4
Ne5 9. Qe2 Nh6 10. Bd2 O-O 11. O-O c6 12. b3 Bg4 13. f3 Bd7 14. Rad1 Qc7 15. f4
Neg4 16. h3 Nf6 17. Qf3 Rfe8 18. Rfe1 Re7 19. Re2 Rae8 20. Rde1 Qc8 21. Kh2 h4
22. gxh4 Nh5 23. Qf2 Nf6 24. e4 Nfg4+ 0-1

[Event "DVM U20 2007"]
[Site "Kelheim GER"]
[Date "2007.12.30"]
[Round "7"]
[White "Hofmann, Benjamin"]
[Black "Bräutigam, Markus"]
[Result "1-0"]
[Termination "normal"]
[Board "8.5"]
[WhiteElo "2012"]
[BlackElo "1651"]
[WhiteTeam "FSV Großenseebach"]
[BlackTeam "SK Kelheim"]
[PlyCount "65"]
[WhiteFideId "24605743"]
[BlackFideId "24620076"]
[EventCountry "GER"]
[EventRounds "7"]
[EventType "team-swiss"]
[EventDate "2007.12.26"]

1. g3 c5 2. Bg2 Nc6 3. d3 g6 4. e4 Bg7 5. Nc3 d6 6. f4 e6 7. Nf3 Nge7 8. O-O
O-O 9. Ne2 Qc7 10. c3 b6 11. Be3 Bb7 12. Rc1 Rad8 13. Qc2 Ba8 14. Rfd1 f5 15.
Bf2 Qc8 16. exf5 Nxf5 17. d4 Rfe8 18. g4 Nh6 19. h3 Nf7 20. Ng3 Ne7 21. c4 e5
22. fxe5 dxe5 23. d5 Bh6 24. Ra1 Kh8 25. Ne4 Ng8 26. Bh4 Rd7 27. Nfg5 Nxg5 28.
Nxg5 Bxg5 29. Bxg5 Rf8 30. Qc3 Qc7 31. d6 Qc8 32. Qxe5+ Rg7 33. d7 1-0

[Event "DVM U20 2007"]
[Site "Kelheim GER"]
[Date "2007.12.30"]
[Round "7"]
[White "Schiller, Stefan"]
[Black "Kohlmann, Adrian"]
[Result "0-1"]
[Termination "normal"]
[Board "8.6"]
[WhiteElo "1732"]
[BlackElo "1938"]
[WhiteTeam "SK Kelheim"]
[BlackTeam "FSV Großenseebach"]
[PlyCount "68"]
[BlackFideId "24636908"]
[EventCountry "GER"]
[EventRounds "7"]
[EventType "team-swiss"]
[EventDate "2007.12.26"]

1. e4 g6 2. d4 Bg7 3. Nc3 d6 4. f4 c6 5. Be3 d5 6. e5 h5 7. h3 Nh6 8. Qf3 Bf5
9. Qf2 Nd7 10. Nf3 e6 11. Ng5 Rc8 12. Qd2 O-O 13. Be2 c5 14. dxc5 Nxc5 15. g4
hxg4 16. hxg4 Nxg4 17. Bxg4 Bxg4 18. Nh7 Re8 19. Qg2 Bf5 20. Qh2 Ne4 21. Bd4
Qa5 22. Kf1 Nxc3 23. bxc3 Qb5+ 24. Kf2 Rxc3 25. Bxc3 Qc5+ 26. Ke2 Qxc3 27. Rac1
Rc8 28. Nf6+ Kf8 29. Qh7 Qc4+ 30. Ke3 Bxf6 31. exf6 Qe4+ 32. Kf2 Qxf4+ 33. Kg2
Be4+ 34. Kh3 Rc3# 0-1

[Event "DVM U16 2007"]
[Site "Uelzen GER"]
[Date "2007.12.27"]
[Round "1"]
[White "Meißner, Felix"]
[Black "Kaphle, Stephan"]
[Result "1/2-1/2"]
[Termination "normal"]
[Board "1.1"]
[WhiteElo "2047"]
[BlackElo "2147"]
[WhiteTeam "SC Leipzig-Gohlis"]
[BlackTeam "Post SV Uelzen"]
[PlyCount "72"]
[WhiteFideId "24671827"]
[BlackFideId "24629103"]
[EventCountry "GER"]
[EventRounds "7"]
[EventType "team-swiss"]
[EventDate "2007.12.26"]

1. e4 c5 2. Nf3 d6 3. Bb5+ Nd7 4. O-O a6 5. Be2 Ngf6 6. d3 e6 7. a4 Be7 8. Nc3
Rb8 9. a5 O-O 10. h3 Re8 11. Re1 e5 12. Bd2 Nf8 13. Na4 h6 14. c4 Ng6 15. Nb6
Be6 16. Qc1 Nh7 17. Rb1 Nh4 18. Nxh4 Bxh4 19. Rf1 Qf6 20. f4 exf4 21. Rxf4 Qe7
22. b4 Bg3 23. Rf3 Qh4 24. Bf4 Bxf4 25. Qxf4 Qxf4 26. Rxf4 Nf6 27. bxc5 dxc5
28. Rf2 Nd7 29. Nxd7 Bxd7 30. Bf3 Bc6 31. Bg4 Rbd8 32. Rb3 Re5 33. Kf1 Kf8 34.
Ke2 Ke7 35. Ke3 h5 36. Be2 g6 1/2-1/2

[Event "DVM U16 2007"]
[Site "Uelzen GER"]
[Date "2007.12.27"]
[Round "1"]
[White "Seemann, Semjon"]
[Black "Doberitz, Paul"]
[Result "1-0"]
[Termination "normal"]
[Board "1.2"]
[WhiteElo "2045"]
[BlackElo "2077"]
[WhiteTeam "Post SV Uelzen"]
[BlackTeam "SC Leipzig-Gohlis"]
[PlyCount "53"]
[WhiteFideId "24624080"]
[BlackFideId "24646130"]
[EventCountry "GER"]
[EventRounds "7"]
[EventType "team-swiss"]
[EventDate "2007.12.26"]

1. e4 c5 2. Nf3 d6 3. d4 cxd4 4. Nxd4 Nf6 5. Nc3 a6 6. Be3 e5 7. Nf3 Be6 8. Ng5
Be7 9. Nxe6 fxe6 10. Bc4 Qd7 11. Qf3 h5 12. O-O b5 13. Bb3 Nc6 14. Qg3 Ng4 15.
h3 Nf6 16. Qg6+ Kf8 17. f4 exf4 18. Bxf4 Nd4 19. Rad1 Nxb3 20. axb3 Rc8 21. Kh1
Qc6 22. Bxd6 Bxd6 23. Rxf6+ gxf6 24. Qxf6+ Kg8 25. Qxe6+ Kg7 26. Rxd6 Qe8 27.
Rd7+ 1-0

[Event "DVM U16 2007"]
[Site "Uelzen GER"]
[Date "2007.12.27"]
[Round "1"]
[White "Heistermann, Till"]
[Black "Kaphle, Sebastian"]
[Result "1/2-1/2"]
[Termination "normal"]
[Board "1.3"]
[WhiteElo "1700"]
[BlackElo "2086"]
[WhiteTeam "SC Leipzig-Gohlis"]
[BlackTeam "Post SV Uelzen"]
[PlyCount "88"]
[BlackFideId "24626708"]
[EventCountry "GER"]
[EventRounds "7"]
[EventType "team-swiss"]
[EventDate "2007.12.26"]

1. c4 Nf6 2. Nc3 e5 3. g3 g6 4. Bg2 Bg7 5. d3 O-O 6. e3 d6 7. Nge2 c6 8. d4 Qe7
9. O-O Na6 10. Bd2 Nc7 11. Qc2 Be6 12. b3 Rfd8 13. Rad1 Rac8 14. Qb1 Nfe8 15.
Bc1 f5 16. f4 e4 17. Ba3 Qf7 18. h3 Nf6 19. Kf2 h5 20. Bb2 b5 21. cxb5 cxb5 22.
b4 Bc4 23. Rfe1 Bd3 24. Qa1 Ncd5 25. a3 Nb6 26. Nc1 Bc4 27. Rd2 a6 28. Qb1 Nfd5
29. Nxd5 Nxd5 30. Bf1 Bxf1 31. Rxf1 Rc4 32. Nb3 Rdc8 33. Re1 Bf6 34. Na5 R4c7
35. Ree2 Nb6 36. Rc2 Nc4 37. Nxc4 Rxc4 38. Ke1 Qc7 39. Kd1 Qb7 40. Qa2 Qd5 41.
Rxc4 Qxc4 42. Qxc4+ Rxc4 43. h4 Kf7 44. Rc2 Rxc2 1/2-1/2

[Event "DVM U16 2007"]
[Site "Uelzen GER"]
[Date "2007.12.27"]
[Round "1"]
[White "Günnigmann, Manuel"]
[Black "Ohme, Markus"]
[Result "1-0"]
[Termination "normal"]
[Board "1.4"]
[WhiteElo "1945"]
[BlackElo "1239"]
[WhiteTeam "Post SV Uelzen"]
[BlackTeam "SC Leipzig-Gohlis"]
[PlyCount "63"]
[WhiteFideId "24640360"]
[EventCountry "GER"]
[EventRounds "7"]
[EventType "team-swiss"]
[EventDate "2007.12.26"]

1. e4 a6 2. d4 b5 3. Nf3 Bb7 4. Bd3 Nf6 5. Qe2 e6 6. O-O Be7 7. Nbd2 O-O 8. c3
d6 9. a4 bxa4 10. Rxa4 a5 11. e5 Nd5 12. Nc4 Nc6 13. Qc2 f5 14. exf6 Nxf6 15.
Ng5 Qd7 16. Nxh7 Rfc8 17. Ng5 Nd8 18. Rxa5 Qc6 19. Nf3 Nf7 20. Rxa8 Rxa8 21.
Qe2 Qd5 22. Ncd2 c5 23. Bc4 Qf5 24. Qxe6 Qxe6 25. Bxe6 cxd4 26. Nxd4 Ra5 27.
N2f3 Ne4 28. Be3 Nc5 29. Bxf7+ Kxf7 30. b4 Ra3 31. bxc5 Rxc3 32. cxd6 1-0

[Event "DVM U16 2007"]
[Site "Uelzen GER"]
[Date "2007.12.27"]
[Round "1"]
[White "Jorczik, Julian"]
[Black "Neukötter, Max"]
[Result "1-0"]
[Termination "normal"]
[Board "2.1"]
[WhiteTitle "FM"]
[WhiteElo "2362"]
[BlackElo "1936"]
[WhiteTeam "SK München Südost"]
[BlackTeam "SF Paderborn"]
[PlyCount "59"]
[WhiteFideId "24611719"]
[BlackFideId "24648108"]
[EventCountry "GER"]
[EventRounds "7"]
[EventType "team-swiss"]
[EventDate "2007.12.26"]

1. d4 Nf6 2. c4 g6 3. Nc3 d5 4. cxd5 Nxd5 5. e4 Nxc3 6. bxc3 Bg7 7. Bc4 c5 8.
Ne2 Nc6 9. Be3 O-O 10. Rc1 Qa5 11. O-O cxd4 12. cxd4 Bd7 13. Qb3 b6 14. e5 e6
15. Nc3 a6 16. Ne4 b5 17. Be2 Rfd8 18. Bf3 Qb6 19. Nc5 Na5 20. Qc3 b4 21. Nxd7
Rxd7 22. Qc5 Qxc5 23. dxc5 Rc8 24. c6 Rd3 25. Rc5 Ra3 26. c7 b3 27. axb3 Nxb3
28. Bb7 Nxc5 29. Bxc8 Rc3 30. Bb7 1-0

[Event "DVM U16 2007"]
[Site "Uelzen GER"]
[Date "2007.12.27"]
[Round "1"]
[White "Höfelsauer, Thomas"]
[Black "Georgi, Philip"]
[Result "1-0"]
[Termination "normal"]
[Board "2.3"]
[WhiteElo "2019"]
[BlackElo "1762"]
[WhiteTeam "SK München Südost"]
[BlackTeam "SF Paderborn"]
[PlyCount "87"]
[WhiteFideId "24668842"]
[BlackFideId "4647750"]
[EventCountry "GER"]
[EventRounds "7"]
[EventType "team-swiss"]
[EventDate "2007.12.26"]

1. c4 e6 2. Nc3 d5 3. d4 Nf6 4. cxd5 exd5 5. Bg5 c6 6. Nf3 Be7 7. e3 Bf5 8. Bd3
Bxd3 9. Qxd3 Nbd7 10. O-O O-O 11. a3 Nb6 12. Nd2 h6 13. Bh4 Re8 14. b4 Qd7 15.
Rfc1 Nh7 16. Bg3 h5 17. Nf3 Qe6 18. Ne2 g5 19. h4 gxh4 20. Bxh4 Qg6 21. Nf4
Qxd3 22. Nxd3 Nc4 23. Nf4 Bxh4 24. Nxh4 Nf6 25. Nf5 Kh7 26. a4 Rg8 27. b5 Rg5
28. Nh4 Ne4 29. bxc6 bxc6 30. Rab1 Ned6 31. Nf3 Rf5 32. g3 Rc8 33. Kg2 c5 34.
Rh1 Kg8 35. Rxh5 Rxh5 36. Nxh5 cxd4 37. Nxd4 Ne4 38. Rb5 Nc3 39. Rb7 a5 40. Nf5
Kh7 41. Nf4 Ne5 42. Re7 Nc6 43. Rxf7+ Kg8 44. Nh6+ 1-0

[Event "DVM U16 2007"]
[Site "Uelzen GER"]
[Date "2007.12.27"]
[Round "1"]
[White "Nonhoff, Marko"]
[Black "Collmer, Dominik"]
[Result "0-1"]
[Termination "normal"]
[Board "2.4"]
[WhiteElo "1706"]
[BlackElo "1714"]
[WhiteTeam "SF Paderborn"]
[BlackTeam "SK München Südost"]
[PlyCount "48"]
[WhiteFideId "4648269"]
[BlackFideId "4620763"]
[EventCountry "GER"]
[EventRounds "7"]
[EventType "team-swiss"]
[EventDate "2007.12.26"]

1. e4 c5 2. c3 Nf6 3. e5 Nd5 4. d4 cxd4 5. cxd4 e6 6. Nf3 Nc6 7. Bc4 Bb4+ 8.
Bd2 Nb6 9. Bb5 O-O 10. Bxc6 Bxd2+ 11. Nbxd2 bxc6 12. O-O Nd5 13. Ne4 f6 14. Qd2
fxe5 15. dxe5 Ba6 16. Rfd1 Qe8 17. Nc5 Bc8 18. Qc2 Rf5 19. Re1 Qh5 20. Ne4 Rxf3
21. gxf3 Nf4 22. Qc4 Qxf3 23. Nf6+ gxf6 24. Qe4 Nh3+ 0-1

[Event "DVM U16 2007"]
[Site "Uelzen GER"]
[Date "2007.12.27"]
[Round "1"]
[White "Kachibadze, Georg"]
[Black "Seyb, Alexander"]
[Result "1/2-1/2"]
[Termination "normal"]
[Board "3.1"]
[WhiteElo "2085"]
[BlackElo "2235"]
[WhiteTeam "TuS Makkabi Berlin"]
[BlackTeam "FSV Großenseebach"]
[PlyCount "123"]
[WhiteFideId "24640794"]
[BlackFideId "4699033"]
[EventCountry "GER"]
[EventRounds "7"]
[EventType "team-swiss"]
[EventDate "2007.12.26"]

1. e4 c5 2. Nf3 d6 3. d4 cxd4 4. Nxd4 Nf6 5. Nc3 a6 6. Be2 e5 7. Nb3 Be7 8. a4
O-O 9. O-O b6 10. Bf3 Bb7 11. Re1 Nbd7 12. Nd2 Rc8 13. Nf1 Nc5 14. Bg5 Ne6 15.
Bxf6 Bxf6 16. Bg4 Bg5 17. Ne3 Bxe3 18. Rxe3 Rc5 19. Rc1 Qe7 20. g3 g6 21. Nd5
Bxd5 22. exd5 Nc7 23. c4 b5 24. cxb5 Rxc1 25. Qxc1 axb5 26. a5 Nxd5 27. Rb3 Qc7
28. Qxc7 Nxc7 29. Rc3 Nd5 30. Rd3 Nf6 31. Be2 d5 32. a6 b4 33. Rd1 Ra8 34. Ra1
Ra7 35. Ra5 Kg7 36. f3 e4 37. fxe4 dxe4 38. Kf2 Nd7 39. Ra4 Nc5 40. Rxb4 e3+
41. Kf3 Nxa6 42. Ra4 Rb7 43. Rxa6 Rxb2 44. Kxe3 Rb3+ 45. Kd4 Rb2 46. Kd3 Rb1
47. Ra2 Rh1 48. Bf3 Rf1 49. Ke3 Re1+ 50. Re2 Ra1 51. Bd5 Ra3+ 52. Kd4 Ra1 53.
Ke5 Ra6 54. Ra2 Rf6 55. Ra7 Rf2 56. Rxf7+ Rxf7 57. Bxf7 Kxf7 58. g4 h6 59. h3
Ke7 60. h4 Kf7 61. g5 hxg5 62. hxg5 {(=)} 1/2-1/2

[Event "DVM U16 2007"]
[Site "Uelzen GER"]
[Date "2007.12.27"]
[Round "1"]
[White "Linsenmeyer, Mario"]
[Black "Kropman, Alexei"]
[Result "1-0"]
[Termination "normal"]
[Board "3.2"]
[WhiteElo "2097"]
[BlackElo "1912"]
[WhiteTeam "FSV Großenseebach"]
[BlackTeam "TuS Makkabi Berlin"]
[PlyCount "125"]
[WhiteFideId "24635138"]
[BlackFideId "24670723"]
[EventCountry "GER"]
[EventRounds "7"]
[EventType "team-swiss"]
[EventDate "2007.12.26"]

1. e4 e6 2. d4 d5 3. Nc3 Bb4 4. e5 c5 5. a3 Bxc3+ 6. bxc3 f5 7. Nf3 Qa5 8. Bd2
c4 9. Be2 Bd7 10. O-O Nc6 11. Qc1 O-O-O 12. a4 h6 13. Qa3 Be8 14. Rfb1 Qc7 15.
a5 g5 16. Bc1 Kb8 17. Qc5 Nge7 18. Ba3 Nc8 19. Bc1 Bh5 20. Kf1 Rd7 21. Ng1 Bg6
22. Bd1 Rg7 23. Rb5 Be8 24. Rb2 Nd8 25. Qa3 Nc6 26. Rbb1 Rhg8 27. Ne2 Bh5 28.
Bd2 Ka8 29. Ng3 Bxd1 30. Rxd1 Qf7 31. Kg1 f4 32. Nf1 N8e7 33. Qc1 Nf5 34. Re1
Nh4 35. Qd1 g4 36. Kh1 f3 37. gxf3 Nxf3 38. Re2 Qh5 39. Bf4 Rf8 40. Bg3 Qg5 41.
Qc1 Qxc1 42. Rxc1 Nxa5 43. Ne3 h5 44. Ng2 Nc6 45. Nh4 Nxh4 46. Bxh4 Rf3 47. Re3
Rxe3 48. fxe3 Rf7 49. Bf6 a5 50. Kg2 b5 51. Kg3 a4 52. Ra1 Ra7 53. Ra3 b4 54.
cxb4 Nxb4 55. c3 Nc2 56. Ra2 Nxe3 57. Kf4 Nd1 58. Ra3 Nb2 59. Kg5 Rb7 60. Kxh5
Rb3 61. Be7 Rxc3 62. Rxc3 Nd1 63. Ra3 1-0

[Event "DVM U16 2007"]
[Site "Uelzen GER"]
[Date "2007.12.27"]
[Round "1"]
[White "Paris, Grigori"]
[Black "Kirch, Florian"]
[Result "0-1"]
[Termination "normal"]
[Board "3.3"]
[WhiteElo "1442"]
[BlackElo "1976"]
[WhiteTeam "TuS Makkabi Berlin"]
[BlackTeam "FSV Großenseebach"]
[PlyCount "101"]
[WhiteFideId "24651303"]
[BlackFideId "24605794"]
[EventCountry "GER"]
[EventRounds "7"]
[EventType "team-swiss"]
[EventDate "2007.12.26"]

1. e4 Nf6 2. e5 Nd5 3. Bc4 Nb6 4. Bb3 e6 5. d4 a5 6. a4 d6 7. Nf3 dxe5 8. Nxe5
N8d7 9. O-O Nf6 10. Re1 Be7 11. c3 O-O 12. Qf3 Nbd5 13. Bc2 c5 14. Qg3 Kh8 15.
Be3 {(=)} 15... Nxe3 16. fxe3 Bd6 17. Rf1 cxd4 18. exd4 Bxe5 19. Qxe5 Qd5 20.
Qxd5 Nxd5 21. Bb3 b6 22. Nd2 Ba6 23. Bc4 Bb7 24. Rae1 Kg8 25. g3 Rac8 26. Bb5
Nc7 27. Bd3 Bc6 28. Nc4 Rb8 29. Ra1 Rfd8 30. Ne5 Be8 31. Rf2 f6 32. Ng4 Nd5 33.
Bc4 Bc6 34. Re2 Kf7 35. Ne3 Nc7 36. Ng2 b5 37. Bxb5 Bxb5 38. axb5 Rxb5 39. Nf4
Ra8 40. Nd3 Rd8 41. Rd1 g5 42. g4 Rbd5 43. Red2 Na6 44. Kf2 h5 45. h3 hxg4 46.
hxg4 Rh8 47. Kg3 Rh4 48. Rf2 Rd8 49. Rdf1 Rh6 50. Ne5+ Kg7 51. Nf3 { ... nicht
rekonstruierbar} 0-1

[Event "DVM U16 2007"]
[Site "Uelzen GER"]
[Date "2007.12.27"]
[Round "1"]
[White "Quaschner, Tobias"]
[Black "Sawlin, Leonid"]
[Result "1-0"]
[Termination "normal"]
[Board "3.4"]
[WhiteElo "1956"]
[BlackElo "1520"]
[WhiteTeam "FSV Großenseebach"]
[BlackTeam "TuS Makkabi Berlin"]
[PlyCount "117"]
[WhiteFideId "24646989"]
[BlackFideId "4689542"]
[EventCountry "GER"]
[EventRounds "7"]
[EventType "team-swiss"]
[EventDate "2007.12.26"]

1. e4 d6 2. d4 Nf6 3. Nc3 g6 4. f3 Bg7 5. Be3 Nbd7 6. Qd2 h5 7. O-O-O c6 8. Kb1
b5 9. e5 dxe5 10. dxe5 Nh7 11. f4 e6 12. Bc5 Bb7 13. Bd6 Bf8 14. Ne4 c5 15.
Bxf8 Bxe4 16. Bd6 a6 17. Bd3 Bd5 18. Nf3 Rc8 19. Rhe1 b4 20. Be4 Nb6 21. Bxd5
Nxd5 22. g3 Qa5 23. Qc1 Nf8 24. Nd2 c4 25. Ne4 Nd7 26. a3 bxa3 27. Bxa3 Rb8 28.
Ka2 c3 29. Nxc3 Nxc3+ 30. bxc3 Nc5 31. Qd2 Rb7 32. Rb1 Rd7 33. Qe3 Nb7 34. Rb3
Qd5 35. Qd4 Qxb3+ 36. cxb3 Rxd4 37. cxd4 Kd7 38. Rc1 Na5 39. Bc5 Rb8 40. b4 Nc6
41. Rb1 Rb5 42. Kb3 Ne7 43. Ra1 a5 44. Bxe7 Kxe7 45. Rxa5 Rb7 46. d5 exd5 47.
Rxd5 Ke6 48. Rd2 Kf5 49. Kc4 h4 50. b5 Kg4 51. Rd3 hxg3 52. hxg3 g5 53. fxg5
Kxg5 54. Rf3 Kg4 55. Rf6 Kxg3 56. Kc5 Re7 57. Kc6 Rxe5 58. Rxf7 Re1 59. b6 1-0

[Event "DVM U16 2007"]
[Site "Uelzen GER"]
[Date "2007.12.27"]
[Round "1"]
[White "Zelbel, Patrick"]
[Black "Moshtael, Wesal"]
[Result "1-0"]
[Termination "normal"]
[Board "4.1"]
[WhiteElo "2227"]
[BlackElo "2113"]
[WhiteTeam "SF Brackel"]
[BlackTeam "SK Johanneum Eppendorf"]
[PlyCount "69"]
[WhiteFideId "24624322"]
[BlackFideId "24618551"]
[EventCountry "GER"]
[EventRounds "7"]
[EventType "team-swiss"]
[EventDate "2007.12.26"]

1. e4 c5 2. c3 Nf6 3. e5 Nd5 4. d4 cxd4 5. Qxd4 e6 6. Nf3 Nc6 7. Qe4 f5 8. Qe2
Be7 9. g3 O-O 10. Bg2 b6 11. O-O Qe8 12. Rd1 Bb7 13. c4 Nc7 14. b3 Rd8 15. Nc3
Ba8 16. Bb2 g5 17. Nd5 exd5 18. cxd5 g4 19. Ne1 Nxe5 20. Qxe5 Bf6 21. Qxc7 Bxb2
22. Rab1 Be5 23. Qxa7 Rf6 24. Nd3 f4 25. Re1 d6 26. gxf4 Qh5 27. fxe5 Rh6 28.
Kf1 Rf8 29. Rb2 Qxh2 30. e6 Qxg2+ 31. Kxg2 Bxd5+ 32. f3 Rxf3 33. Nb4 Rhh3 34.
Nxd5 Rhg3+ 35. Kh1 1-0

[Event "DVM U16 2007"]
[Site "Uelzen GER"]
[Date "2007.12.27"]
[Round "1"]
[White "Stellfeld, Tilman"]
[Black "Strathoff, Jens"]
[Result "0-1"]
[Termination "normal"]
[Board "4.2"]
[WhiteElo "1586"]
[BlackElo "2031"]
[WhiteTeam "SK Johanneum Eppendorf"]
[BlackTeam "SF Brackel"]
[PlyCount "78"]
[WhiteFideId "24651311"]
[BlackFideId "4699084"]
[EventCountry "GER"]
[EventRounds "7"]
[EventType "team-swiss"]
[EventDate "2007.12.26"]

1. d4 d5 2. Nf3 e6 3. c4 c6 4. g3 Nf6 5. Bg2 Nbd7 6. O-O Be7 7. Qc2 O-O 8. Rd1
Re8 9. Nbd2 Bf8 10. Ne5 Nxe5 11. dxe5 Nd7 12. Nf3 f6 13. e4 dxe4 14. Qxe4 Qc7
15. Bf4 Qb6 16. exf6 Nxf6 17. Qc2 Bd7 18. Bg5 Rad8 19. Rd2 Bc8 20. Rad1 Rxd2
21. Rxd2 Rd8 22. Be3 Rxd2 23. Qxd2 c5 24. Ne5 Qd6 25. Nd3 b6 26. Bf4 Qe7 27.
Ne5 Bb7 28. Nc6 Qe8 29. Nxa7 Bxg2 30. Kxg2 Qa8+ 31. f3 Qxa7 32. Qd8 Kf7 33. Bb8
Qxa2 34. Qc7+ Be7 35. Qxb6 Qxc4 36. Bd6 Nd5 37. Qb7 Qe2+ 38. Kh3 Qf1+ 39. Kg4
h5+ 0-1

[Event "DVM U16 2007"]
[Site "Uelzen GER"]
[Date "2007.12.27"]
[Round "1"]
[White "Kartsev, Alexandr"]
[Black "Rabinovitch, Alexej"]
[Result "1-0"]
[Termination "normal"]
[Board "4.3"]
[WhiteElo "1989"]
[BlackElo "1674"]
[WhiteTeam "SF Brackel"]
[BlackTeam "SK Johanneum Eppendorf"]
[PlyCount "141"]
[WhiteFideId "24647110"]
[BlackFideId "12921696"]
[EventCountry "GER"]
[EventRounds "7"]
[EventType "team-swiss"]
[EventDate "2007.12.26"]

1. e4 c5 2. c3 Nf6 3. e5 Nd5 4. d4 e6 5. Nf3 cxd4 6. Qxd4 d6 7. Bb5+ Bd7 8.
Bxd7+ Qxd7 9. exd6 Nc6 10. Qe4 Bxd6 11. O-O O-O-O 12. Nbd2 h6 13. a3 f5 14. Qc4
Rhe8 15. b4 Kb8 16. Qb3 g5 17. c4 Nf4 18. c5 Bc7 19. b5 Ne2+ 20. Kh1 Ncd4 21.
c6 Qd6 22. Qb4 Qxb4 23. axb4 Nxb5 24. Nc4 bxc6 25. Re1 Nbd4 26. Nxd4 Rxd4 27.
Be3 Rxc4 28. Bxa7+ Kc8 29. Rxe2 Rxb4 30. g3 Bb6 31. Bxb6 Rxb6 32. Ra8+ Rb8 33.
Ra7 f4 34. Kg2 e5 35. Kf3 e4+ 36. Kg4 f3 37. Re1 Rb5 38. Ra8+ Rb8 39. Ra4 Rb2
40. Ra8+ Rb8 41. Ra4 c5 42. Raxe4 Rxe4+ 43. Rxe4 Rb4 44. Kxf3 Kd7 45. Re2 c4
46. Ke4 c3+ 47. Kd3 Rb2 48. Rc2 Kd6 49. Kxc3 Rb1 50. Kd3 Rh1 51. f3 Rd1+ 52.
Ke4 Rd5 53. f4 gxf4 54. Kxf4 h5 55. Re2 Rd4+ 56. Kg5 Rd5+ 57. Kh4 Kd7 58. h3
Rf5 59. Ra2 Ke6 60. Ra6+ Kf7 61. Rh6 Kg7 62. Rxh5 Rf6 63. Rg5+ Kf7 64. Kg4 Ra6
65. Rb5 Kg6 66. h4 Ra4+ 67. Kh3 Ra3 68. h5+ Kh6 69. Kh4 Ra2 70. Rb6+ Kg7 71. g4
1-0